Abdominal Regions - Statistics

General Stats
  • This quiz has been taken 14 times
  • The average score is 8 of 9
Answer Stats
Picture Answer % Correct
Epigastric region
100%
Umbilical region
100%
Left hypochondriac region
91%
Left lumbar region
91%
Right hypochondriac region
91%
Right lumbar region
91%
Hypogastric region
82%
Left iliac region
64%
Right iliac region
64%
No matching quizzes found
Score Distribution
Percent of People with Each Score
Percentile by Number Answered
Your Score History
You have not taken this quiz